000
00325 a2200145 4500
001
170260
020
_a
040
_c
Magnum
100
_a
Ministerio da Educacao e Cultura
240
1
0
_a
Politicas publicas & educacao
_l
por
245
1
0
_a
Politicas publicas & educacao
362
0
_a
1899
697
_a
GERAL
942
_c
BK
999
_c
170260
_d
170260